LEADER 02365nam a2200373 u 4500 001 000000058513 003 CaOOAMICUS 005 20070226120712.0 008 010606m19611964it u000 u ita u 035 $a10891597 040 $aPUL(R)$bita$dPUL(R) 100 1 $aLamanna, Eustachio Paolo,$d1885-1967.$0(OLS)http://pul/name/16973 245 10$aStoria della filosofia /$cE. Paolo Lamanna. 260 $aFirenze :$bF. Le Monnier,$c1961-1964. 300 $a5 v. ;$c23 cm 504 $aBibliografia in nota. 505 0 $a1. Il pensiero antico -- 2. Medioevo e Rinascimento -- 3. Da Cartesio a Kant -- 4.La filosofia del Novecento: Intuizionismo, filosofia dell'azione e modernismo. Prammatismo -- 5. La filosofia del Novecento: Eredità del criticismo e del positivismo. Neo-idealismoe neo-realismo anglo-americano. La fenomenologia. L'esistenzialismo. 650 4$aFilosofia$xStoria.$0(OLS)http://pul/subject/580 850 $aPUL 852 $aPUL$W1$xDP1 Fondo Bordoni$y120$m2 C 33$j27109$qFondi$B172491$CPULBib$Z2$F172491 $HBor2257 $81 852 $aPUL$W1$xSL Filosofia 2$y80$mPhil C1 7.1-4$j76437$nBK-PRI$b $qStampati altre collocazioni$B76437$CPULBib$Z2$F76437 $H $81 852 $aPUL$W1$xSL Filosofia 2$y80$mPhil C1 7.1-4$j76437$nBK-PRI$b $qStampati altre collocazioni$B76438$CPULBib$Z2$F76438 $H $81 852 $aPUL$W1$xSL Filosofia 2$y80$mPhil C1 7.1-4$j76437$nBK-PRI$b $qStampati altre collocazioni$B76439$CPULBib$Z2$F76439 $H $81 852 $aPUL$W1$xSL Filosofia 2$y80$mPhil C1 7.1-4$j76437$nBK-PRI$b $qStampati altre collocazioni$B76440$CPULBib$Z2$F76440 $H $81 852 $aPUL$W1$xSL Filosofia 2$y80$mPhil C1 7.1-4$j76437$nBK-PRI$b $qStampati altre collocazioni$B76441$CPULBib$Z2$F76441 $H $81 941 1 $a1 941 1 $a10 961 $aINV: 29343-29344-29345-21823-29346 961 $aINV: 29343-29344-29345-21823-29346 961 $aINV: 29343-29344-29345-21823-29346 961 $aINV: 29343-29344-29345-21823-29346 961 $aINV: 29343-29344-29345-21823-29346 996 $6245$aStoria della filosofia$9(OLS)http://pul/title/7809 996 $6260$aFirenze :$bF. Le Monnier$9(OLS)http://pul/publisher/48145 LEADER 01706nam a2200385 a 4500 001 000000172576 003 CaOOAMICUS 005 20190827120357.0 008 190827s2019 it u000 u ita r 020 $a978-88-9317-935-5* 032 $aLibriCat 040 $aPUL$bita 082 04$a345.45 110 1 $aItalia.$0(OLS)http://pul/name/1188 245 10$aCodice penale e di procedura penale e leggi complementari /$ca cura di Luigi Alibrandi (per il codice penale) ; Piermaria Corso (per il codice di procedura penale) 250 $a54a ed. 260 $aPiacenza :$bLa Tribuna,$c©2019. 300 $a2345 p.;$c19 cm 490 1 $aI codici vigenti 2019 500 $aComprende indici. 500 $aTesto su due colonne. 500 $aSulla coperta: Aggiornato con le norme sulla legittima difesa (L.26 aprile 2019, n.36). 630 04$aCodice penale$zItalia.$0(OLS)http://pul/subject/12325 650 4$aProcedura penale$zItalia.$0(OLS)http://pul/subject/12686 700 1 $aAlibrandi, Luigi.$0(OLS)http://pul/name/45474 700 1 $aCorso, Piermaria.$0(OLS)http://pul/name/35334 830 2$aI Codici vigenti 2019.$0(OLS)http://pul/title/212320 850 $aPUL 852 $aPUL$W1$xDP2 Diritto e Scienze Sociali 3$y110$m348. 45 COD 3.1.142$j196521$qDDC 21$B201283$CPULBib$Z2$F201283 $H133217 $82 941 1 $a9 996 $6020$a978-88-9317-935-5*$9(OLS)http://pul/number/166653 996 $6082$a345.45$9(OLS)http://pul/classification/371 996 $6245$aCodice penale e di procedura penale e leggi complementari$9(OLS)http://pul/title/178222 996 $6260$aPiacenza :$bLa Tribuna$9(OLS)http://pul/publisher/69734